[Event "Híbrido del Sur op U2200 2nd"]
[Site "Tornelo INT"]
[Date "2021.10.08"]
[Round "5"]
[White "Guzman Vera, Diego Alonso"]
[Black "Jimenez Salas, Maria Teresa"]
[Result "1/2-1/2"]
[WhiteElo "1675"]
[BlackElo "1824"]
[PlyCount "90"]
[EventDate "2021.10.08"]
[EventType "swiss"]
[EventRounds "6"]
[EventCountry "VEN"]
[SourceTitle "EXT 2023"]
[Source "ChessBase"]
[SourceDate "2022.10.05"]
[SourceVersion "1"]
[SourceVersionDate "2022.10.05"]
[SourceQuality "1"]

1. d4 d5 2. c4 c6 3. Nc3 dxc4 4. a4 e5 5. d5 cxd5 6. Qxd5 Qxd5 7. Nxd5 Bd6 8. e4 Nc6 9. Nf3 Bg4 10. Be3 Nb4 11. Nxb4 Bxb4+ 12. Bd2 Bxd2+ 13. Nxd2 0-0-0 14. Bxc4 f6 15. f3 Bd7 16. b4 Ne7 17. b5 Kb8 18. Ke2 Bc8 19. Nb3 Rd6 20. Rhd1 Rhd8 21. Rxd6 Rxd6 22. Rd1 Rxd1 23. Kxd1 Kc7 24. Kd2 Ng6 25. g3 Nf8 26. Kc3 Ne6 27. Kb4 Kd6 28. a5 b6 29. axb6 axb6 30. Bxe6 Bxe6 31. Nd2 Kc7 32. Nc4 g6 33. h4 Bf7 34. Kc3 Bxc4 35. Kxc4 Kd6 36. g4 Ke6 37. Kb4 h6 38. Kc4 Kd6 39. Kb4 Ke6 40. Kc4 h5 41. gxh5 gxh5 42. Kd3 Kd6 43. Kc4 Ke6 44. Kd3 Kd6 45. Kc4 Ke6 1/2-1/2

[Event "Pan American-ch U12"]
[Site "Guayaquil"]
[Date "2019.07.23"]
[Round "4"]
[White "Guzman Vera, Diego Alonso"]
[Black "Zhao, Jeffrey R"]
[Result "1/2-1/2"]
[WhiteElo "1516"]
[BlackElo "1862"]
[PlyCount "66"]
[EventDate "2019.07.21"]
[EventType "swiss"]
[EventRounds "9"]
[EventCountry "ECU"]
[SourceTitle "EXT 2020"]
[Source "ChessBase"]
[SourceDate "2019.10.17"]
[SourceVersion "1"]
[SourceVersionDate "2019.10.17"]
[SourceQuality "1"]

1. d4 Nf6 2. c4 g6 3. Nc3 Bg7 4. e4 d6 5. h3 0-0 6. Be3 e5 7. d5 a5 8. Nge2 Na6 9. g4 Nc5 10. Ng3 Bd7 11. Qd2 Ne8 12. Be2 f5 13. gxf5 gxf5 14. Nxf5 Bxf5 15. exf5 Rxf5 16. Bg4 Rf8 17. 0-0-0 Qe7 18. Rdg1 Kh8 19. Qc2 Nf6 20. Bf5 Rae8 21. Rg2 e4 22. Kb1 Qe5 23. Rhg1 Re7 24. Bxc5 Qxf5 25. Be3 Rfe8 26. Ne2 c5 27. Nf4 Bh6 28. Ne6 Bxe3 29. fxe3 Nd7 30. Rf2 Qh5 31. Qxe4 Nf8 32. Qf4 Nxe6 33. dxe6 h6 1/2-1/2